Alice in Chains, Nirvana, Pearl Jam, or Soundgarden - Click Quiz - Statistics

General Stats
  • This quiz has been taken 220 times
  • The average score is 27 of 32
Answer Stats
Hint Answer % Correct
Come As You Are Nirvana
95%
Man In The Box Alice in Chains
93%
Something In The Way Nirvana
93%
Lithium Nirvana
92%
Heart-Shaped Box Nirvana
92%
Even Flow Pearl Jam
92%
Black Hole Sun Soundgarden
92%
Rooster Alice in Chains
91%
Would? Alice in Chains
91%
In Bloom Nirvana
91%
Nutshell Alice in Chains
89%
Rotten Apple Alice in Chains
89%
Jeremy Pearl Jam
89%
About A Girl Nirvana
88%
Dumb Nirvana
87%
All Apologies Nirvana
87%
Them Bones Alice in Chains
86%
Black Pearl Jam
86%
Fell On Black Days Soundgarden
85%
Bleed The Freak Alice in Chains
84%
Alive Pearl Jam
84%
Daughter Pearl Jam
80%
Spoonman Soundgarden
80%
The Day I Tried To Live Soundgarden
80%
Outshined Soundgarden
79%
4th Of July Soundgarden
77%
Last Kiss Pearl Jam
76%
No Excuses Alice in Chains
75%
Just Breathe Pearl Jam
71%
Rusty Cage Soundgarden
64%
Burden In My Hand Soundgarden
61%
Do The Evolution Pearl Jam
57%
No matching quizzes found
Score Distribution
Percent of People with Each Score
Percentile by Number Answered
Your Score History
You have not taken this quiz